| 000 | 01003nam a2200253 a 4500 | ||
|---|---|---|---|
| 001 | 54384 | ||
| 003 | BD-RjUL | ||
| 005 | 20211209080119.0 | ||
| 008 | 161106s1955 bg ||||| |||| 00| d ben d | ||
| 020 | _c: Tk. 2.00 | ||
| 035 | _a(BD-RjUL)54506 | ||
| 040 |
_aBD-RjUL _bben _cBD-RjUL |
||
| 041 | _aben | ||
| 082 |
_223 _a891.442 _bCHN 1955 |
||
| 100 |
_aচৌধুরী, এম, আবদুল হামিদ _9162296 |
||
| 245 | 1 | 0 |
_aনবাব আলীবর্দ্দী : _b[বাংলা, বিহার, উরিষ্যার নবাব] / _cএম, আবদুল হামিদ চৌধুরী |
| 250 | _a২য় সং. | ||
| 260 |
_aচট্টগ্রাম : _bএম, আবদুল হামিদ চৌধুরী, _c১৯৫৫ |
||
| 300 |
_a[৪], ১৪০ পৃ. ; _c১৪ সেমি. |
||
| 500 | _aঐতিহাসিক নাটক | ||
| 650 |
_aবাংলা নাটক _9162297 |
||
| 650 |
_aBengali Drama _9162298 |
||
| 942 |
_2ddc _cBK |
||
| 999 |
_c54384 _d54384 |
||